Gynaecology and Obstetric Therapeutics (Record no. 153694)
[ view plain ]
| 000 -LEADER | |
|---|---|
| fixed length control field | 00400nam a2200145Ia 4500 |
| 008 - FIXED-LENGTH DATA ELEMENTS--GENERAL INFORMATION | |
| fixed length control field | 230411s9999 xx 000 0 und d |
| 020 ## - INTERNATIONAL STANDARD BOOK NUMBER | |
| International Standard Book Number | 81-7021-480-7 |
| 041 ## - LANGUAGE CODE | |
| Language code of text/sound track or separate title | eng |
| 082 ## - DEWEY DECIMAL CLASSIFICATION NUMBER | |
| Classification number | OG/618.106/KUL/B02510 |
| 100 ## - MAIN ENTRY--PERSONAL NAME | |
| Personal name | Kulkarni Shrikant |
| 9 (RLIN) | 177437 |
| 245 ## - TITLE STATEMENT | |
| Title | Gynaecology and Obstetric Therapeutics |
| 260 ## - PUBLICATION, DISTRIBUTION, ETC. (IMPRINT) | |
| Name of publisher, distributor, etc. | B Jain Publishers |
| Place of publication, distribution, etc. | New Delhi |
| Date of publication, distribution, etc. | 1994 |
| 300 ## - PHYSICAL DESCRIPTION | |
| Extent | 228p |
| Withdrawn status | Lost status | Damaged status | Not for loan | Collection code | Home library | Current library | Date acquired | Vendor | Cost, normal purchase price | Bill number | Total Checkouts | Full call number | Barcode | Date last seen | Cost, replacement price | Bill Date | Koha item type | Original Barcode |
|---|---|---|---|---|---|---|---|---|---|---|---|---|---|---|---|---|---|---|
| Gynecology | Smt. Bakul Tambat Institute of Nursing Education | Smt. Bakul Tambat Institute of Nursing Education | 15/07/2005 | S.K.Kothari,Pune. | 79.00 | 9110 | OG 618.106 KUL B02510 | BTIN-BK-2510 | 11/04/2023 | 63.00 | 15/07/2005 | Books | B02510 |